UFC fighters with most fights - Statistics

General Stats
  • This quiz has been taken 84 times
  • The average score is 3 of 9
Answer Stats
# of fights fighters % Correct
45 Jim Miller
81%
34 Charles Oliveira
68%
38 Donald Cerrone
54%
42 Andrei Arlovski
23%
37 Clay Guida
22%
36 Radael dos Anjos
14%
34 Neil Magny
13%
34 Jeremy Stephens
12%
33 Demian Maia
7%
No matching quizzes found
Score Distribution
Percent of People with Each Score
Percentile by Number Answered
Your Score History
You have not taken this quiz